Adolescer é fácil, # só que não (Registo nº 33010)

Detalhes MARC
000 -Etiqueta do registo
Valores 00735nam a2200241 4500
010 ## - Número ISBN
ISBN 9789720031167
021 ## - Número do Depósito Legal
-- PT
Número 454471/19
090 ## -
-- 33010
100 ## - Dados gerais de processamento
Dados gerais 20191114d2019 m y0pory50030103ba
101 0# - Língua de publicação
-- por
102 ## - País de publicação
-- PT
200 1# - Titulo e menção de responsabilidade
Título próprio Adolescer é fácil, # só que não
Primeira menção de responsabilidade Catarina Furtado
205 ## - Menção da edição
Edição 1ª. ed.
210 ## - Publicação
Local de publicação Porto
Nome do editor Porto Editora
Data de publicação 2019
215 ## - Descrição física 
Paginação / Volumes 221, [2] p.
Outras indicações físicas il.
Dimensões 21 cm
675 ## - CDU
Notação 159.922-053.6(035)
Edição BN
Língua por
675 ## - CDU
Notação 316.47-055.5/.6(035)
Edição BN
Língua por
675 ## - CDU
Notação 316.61-053.6(035)
Edição BN
Língua por
700 ## - Autor principal (pessoa individual)
Apelido Furtado
Nome Catarina
Datas 1972-
ID Autoridade 206
801 #0 - Fonte de origem
País PT
Agência BN
Regras de catalogação RPC
856 41 - Localização e acesso electrónico 
URL <a href="http://rnod.bnportugal.gov.pt/ImagesBN/winlibimg.aspx?skey=&doc=2033387&img=133057&save=true">http://rnod.bnportugal.gov.pt/ImagesBN/winlibimg.aspx?skey=&doc=2033387&img=133057&save=true</a>
990 ## - Elementos KOHA
Tipo de documento Livro
Exemplares
Situação do levantamento Estado Biblioteca de origem Biblioteca de empréstimo Código de barras Cota Permissão de empréstimo Tipo de documento
  Completo Biblioteca Municipal de Viana Do Alentejo Biblioteca Municipal de Viana Do Alentejo 0032724 159.9 FUR Disponível Livro




Powered by Koha